000 00614cab a2200217 4500
001 X1138
008 090401t1993 xxu||||| |||| 00| 0 eng d
035 _a(Sirsi) u14902
041 _aeng
110 _aBritish Council of Shopping Centres
_91982
245 _aShopping Centre Progress 1993-94
260 _c1993
350 _a0
490 _aEstates Gazette
_v(9342) 23 October 1993(127)
650 _aBRITISH COUNCIL OF SHOPPING CENTRES
650 _aSHOPPING CENTRE PROGRESS
650 _aSHOPPING CENTRES
690 _aPROPERTY-COMMERCIAL PROPERTY-RETAIL PROPERTY
942 _n0
948 _c04/03/1997
999 _c9726
_d9726